000 00600nam a2200241 a 4500
001 0001-1278
003 ELIB.Books
008 150629 2010 eng
020 _a9788173622496
035 _a(ELIB.Books)0001-1433
092 _a264.1 Loc
100 _aLockyer, Herbert.
245 _aAll the Prayers of the Bible
260 _aGrand Rapids
_bAuthentic Press
_c2013
300 _a297
_c21.5 Cm
500 _aLibrary
650 _aPrayers
856 _nKBTS: Library
_uKBTS: Elib
942 _2ddc
_cBK
990 _a1
998 _cbat
_e2015-06-29
999 _c11278
_d11278